LDR 00873naa#a2200181#i#450# 001 RU\INFRA-M\bibl\114270 005 20260413160413.1 011 ## _a2587-9111 100 ## _a20260202b2026####ek#y0rusy0150####ca 102 ## _aRU 200 1# _aО влиянии бюрократии на экономический рост в современной России _eЖурнальная статья 210 1# _aМосква _cОбщество с ограниченной ответственностью «Научно-издательский центр ИНФРА-М» _d2026 215 ## _a3 с. 608 ## _aЖурнальная статья _2local 675 ## _aЭкономические науки. Основные понятия. Стоимость. Капитал.Фонды. 330.1 _z 700 #1 _aБасовская _gЕ. Н. 700 #1 _aБасовский _gЛ. Е. 856 4# _azh-szf.ru _u